[Event "EU-Cup 21st"]
[Site "Saint Vincent"]
[Date "2005.09.19"]
[Round "2.6"]
[White "Macieja, Bartlomiej"]
[Black "Schandorff, Lars"]
[Result "1-0"]
[WhiteElo "2593"]
[BlackElo "2519"]
[Annotator "Finkel,A"]
[PlyCount "81"]
[EventDate "2005.09.18"]
[EventType "team-swiss"]
[EventRounds "7"]
[EventCountry "ITA"]
[SourceTitle "CBM 110"]
[Source "ChessBase"]
[SourceDate "2006.01.31"]
[SourceVersion "1"]
[SourceVersionDate "2006.01.31"]
[SourceQuality "1"]
[WhiteTeam "Warsaw Polonia"]
[BlackTeam "Werder Bremen"]
[WhiteTeamCountry "POL"]
[BlackTeamCountry "GER"]

1. e4 c5 2. Nf3 Nc6 3. Bb5 g6 4. Bxc6 dxc6 5. d3 Bg7 6. h3 Nf6 7. Nc3 Nd7 8.
Be3 (8. O-O e5 9. Be3 O-O 10. Qd2 Re8 11. Nh2 Qe7 12. Bh6 Bh8 13. Ng4 Nf8 $13 {
Adams,M-Kramnik,V/Dortmund 2000/CBM 78}) 8... e5 (8... b6 9. Qd2 e5 10. Bh6 O-O
11. O-O-O Re8 12. g4 Nf8 13. Ne2 a5 14. Rdg1 Bf6 15. Bg5 Ne6 16. Bxf6 Qxf6 $13
{Bologan,V-Anand,V/New Delhi/Theran 2000/CBM 80}) 9. Qd2 (9. Nd2 Qe7 10. Nc4 b6
$5 11. a4 Ba6 12. b3 Nf8 13. Qd2 Ne6 14. Bh6 Bxh6 15. Qxh6 Bxc4 16. bxc4 Nd4
17. Kd2 Qf6 18. f3 $14 {[%cal Ga4a5] Oratovsky,M-Illescas,M/rapid Spain 2003})
9... h6 (9... Qe7 $5 {Finkel,A} 10. Bh6 Bxh6 11. Qxh6 f6 12. Nh2 Nf8 13. f4
exf4 14. Qxf4 Ne6 $14 {Bologan,V-Damljanovich,B/JUG-chT/1994/}) 10. O-O (10.
O-O-O $6 Qa5 $132 11. Kb1 Nf8 12. Ne2 Qxd2 13. Nxd2 Ne6 $11 {Kofidis,
A-Tzermiadianos,A/GRE 1994}) 10... Qe7 11. Nh2 (11. a3 Nf8 12. b4 Ne6 13. Na4
Nd4 14. Ne1 b6 15. Rb1 cxb4 16. axb4 $14 {Melamed,T-Nekrasova,E/St Petersburg
1996/EXT 2000}) 11... Nf8 (11... g5 $5 12. Ne2 Nf8 13. Ng3 Ng6 14. Nh5 $1 O-O
15. Qc3 $1 b6 16. Nxg7 $5 Kxg7 17. f4 f6 18. f5 $40) 12. f4 exf4 13. Bxf4 {
More popular is 13.Rxf4 since white may gain a tempo by retreating to f2 with
the rook, but in the latest games played in this variation White put the
bishop on g3 to support e5.} (13. Rxf4 Be6 (13... Ne6 14. Rf2 Nd4 15. Raf1 Be6
16. Ng4 O-O-O {This is another crucial position of the variation, but it seems
that Black has very good chances to reach equality.} 17. Nf6 Bxf6 18. Rxf6 Bf5
19. Bxh6 Qxf6 20. Bg5 Qd6 21. exf5 Nxf5 22. Bxd8 Rxd8 $11 {Fernandez,D-Lesiege,
A/Philadelphia 2003}) 14. Raf1 Nd7 15. R4f2 b6 16. Ng4 Bxg4 $6 17. Rxf7 Qxf7
18. Rxf7 Kxf7 19. hxg4 Ne5 20. Qf2+ Ke7 21. Qg3 $14 {Grischuk,A-Radjabov,T/
Bastia 2003}) 13... Be6 (13... Ne6 14. Bg3 Qg5 $2 (14... Nd4 15. e5 Bf5 (15...
Nf5 16. Bf2 Bxe5 17. Rae1 Bxh2+ 18. Kxh2 Be6 19. Qf4 b6 20. g4 Nd6 21. Bg3
O-O-O 22. Ne4 Nxe4 23. Qb8+ Kd7 24. Qc7+ Ke8 25. Qxc6+ $16) 16. Rae1 O-O-O 17.
Ne4 Bxe4 18. Rxe4 Nf5 19. Bf2 $14) 15. Qe1 Nd4 16. Qf2 O-O 17. Bd6 Bxh3 18. Bf4
$1 $16 {Leko,P-Van Wely,L/Dortmund 2005}) 14. Bg3 Nd7 15. Nf3 g5 $6 {There was
no need to create a weakness on the kingside as White is better prepared for
active play on that wing.} (15... O-O 16. Rae1 Rae8 17. b3 f6 18. Nd5 cxd5 19.
exd5 Qf7 20. dxe6 Rxe6 $11) 16. Rae1 O-O 17. h4 Bxc3 $2 {Heading towards the
disaster. Black's dark-squared bishop is his best piece so trading it is a
serious strategical mistake.} (17... g4 18. Nh2 h5 19. Ne2 f6 20. Nf4 Bf7 21.
Rf2 $14 {[%cal Gh2f1,Gf1e3]}) 18. Qxc3 f5 $2 (18... f6) 19. exf5 $6 (19. Nxg5
$1 {[%cal Ge1e7]} hxg5 (19... fxe4 20. Nxe4 $18) 20. exf5) 19... Rxf5 20. hxg5
hxg5 21. Re4 $16 {[%csl Re6,Rg5]} Nf6 22. Re5 Nd5 (22... Rxe5 23. Qxe5 Ng4 24.
Qe4 $18) 23. Qe1 Re8 24. Rxf5 Bxf5 25. Qxe7 Rxe7 26. Nxg5 Bg6 27. Bd6 Re2 28.
Rf2 Rxf2 29. Kxf2 $18 c4 $5 (29... b6 30. a3 Nf6 {[%cal Gc5c4]} 31. b3 a6 32.
Ke3 Nd5+ 33. Kd2 Nf6) 30. dxc4 Nf6 31. Ke3 Bxc2 32. Kd4 Nd7 33. Ne6 b6 (33...
Kf7 $2 34. Nd8+) 34. Nd8 c5+ 35. Kd5 Nf6+ 36. Kc6 Be4+ 37. Kb5 {[%csl Ra7,Rb6,
Rc5]} Bxg2 38. Bb8 Ne4 39. Nc6 Nd2 40. Ne5 Be4 41. Bxa7 1-0

[Event "World Youth Stars 3rd"]
[Site "Kirishi"]
[Date "2005.05.22"]
[Round "8"]
[White "Negi, Parimarjan"]
[Black "Mamedov, Rauf"]
[Result "0-1"]
[WhiteElo "2349"]
[BlackElo "2511"]
[Annotator "Finkel,A"]
[PlyCount "96"]
[EventDate "2005.05.14"]
[EventType "tourn"]
[EventRounds "11"]
[EventCountry "RUS"]
[EventCategory "10"]
[SourceTitle "CBM 107"]
[Source "ChessBase"]
[SourceDate "2005.08.01"]
[SourceVersion "1"]
[SourceVersionDate "2005.08.01"]
[SourceQuality "1"]

1. e4 c5 2. Nf3 Nc6 3. Bb5 g6 4. Bxc6 dxc6 5. d3 Bg7 6. h3 e5 (6... Nf6) 7. Be3
Qe7 8. Qd2 Nf6 9. Bh6 (9. Nc3 Nd7 10. Bh6 f6 11. Bxg7 Qxg7 12. Qe3 Qe7 13. Nd2
Nf8 $13 {Psakhis,L-Roeder,M/Vienna/1991/}) 9... O-O (9... Nh5 10. Nc3 (10. g4
$6 Qf6 11. Ng1 Bxh6 12. Qxh6 Qf4 13. Qxf4 Nxf4 $15 {Vachier Lagrave,M-Lerch,P/
Aix les Bains 2003}) 10... f6 11. Ne2 Bd7 12. Be3 $5 {[%cal Gg2g4]} f5 13. Bg5
Qd6 14. Bh6 Bf6 15. O-O-O O-O-O 16. Rhg1 $14 {Tseshkovsky,V-Mastrokoukos,G/
Cappelle la Grande 1994}) (9... Bxh6 10. Qxh6 Nd7 11. Nc3 f6 12. Nd2 Nf8 13. f4
exf4 14. Qxf4 Be6 15. O-O Nd7 16. Rae1 $36 {[%cal Gc3d5] Rublevsky,S-Georgiev,
K/Panormo 2001}) (9... Qf8 $6 10. Bxg7 Qxg7 11. Qc3 Nd7 12. Nbd2 f6 13. a4 O-O
14. a5 Qe7 15. Nb3 $14 {Balogh,C-Uysal,M/Denizli 2003}) 10. g4 {This move
itself isn't a mistake, but white's plan to push g5 is too optimistic.} (10.
Nc3 Nh5 (10... Ne8 11. Nh2 f6 12. Bxg7 Nxg7 13. f4 f5 14. O-O exf4 15. Rxf4 {
1/2-1/2 Nesterov,J-Iuldachev,S/Protvino 1992/EXT 97 (15)}) (10... a5 11. O-O-O
b5 12. Ne2 Re8 13. Bxg7 Kxg7 14. g4 c4 $6 15. g5 $1 Nh5 16. dxc4 bxc4 17. Qd6
Qxd6 18. Rxd6 $14 {Rublevsky,S-Hossain,E/Yerevan 1996}) (10... Re8 11. Bxg7
Kxg7 12. O-O-O b5 (12... Nd7 13. Nh2 Nf8 14. Ng4 f6 15. Qh6+ Kg8 16. f4 $40)
13. Kb1 a5 14. Nh2 a4 15. Ne2 a3 16. b3 c4 $1 $36 {Hasangatin,R-Gagarin,V/
Maikop 1998}) 11. O-O-O (11. Ne2 Bxh6 12. Qxh6 c4 13. O-O cxd3 14. cxd3 f6 15.
Qd2 c5 $11 {Svidler,P-Sutovsky,E/Tilburg 1996}) 11... Rd8 12. Ne2 Bh8 13. g4
Ng7 14. Qe3 Ne6 15. c3 b5 16. Ng3 a5 17. Nf5 $40 {Sutovsky,E-Dannevig,O/
Gausdal 1995}) (10. Bxg7 Kxg7 11. Qc3 (11. Nc3 a5 12. a4 Ne8 13. Ne2 f6 14. O-O
Be6 15. Qc3 b6 16. Nd2 g5 17. Ng3 $14 {Nevednichy,V-Gilbert,C/Bucharest 1993})
11... Re8 12. Nbd2 Nd7 13. O-O f6 14. Nh2 Nf8 15. f4 exf4 16. Rxf4 Qe5 $11 {
Galdunts,S-Ballo,E/Bad Wildbad 2000}) 10... c4 $1 11. Bxg7 (11. Nc3 Bxh6 12.
Qxh6 cxd3 13. cxd3 Re8 14. O-O-O b5 $13) 11... Kxg7 12. g5 $6 Nh5 $36 {[%csl
Rf3][%cal Gh5f4,Gf7f6] The knight on f3 is just too vulnerable, so it proves
to be extremely difficult for White to accomplish the development of his
queenside pieces.} 13. Qc3 (13. d4 f6 14. Nc3 (14. gxf6+ $2 Nxf6 15. Nc3 (15.
Nxe5 Nxe4 $17 {[%csl Rf2]}) 15... Nxe4 16. Nxe4 Rxf3 17. O-O-O Bf5 18. Ng3 Rf8
$17) 14... exd4 15. Qxd4 Rd8 16. Qe3 fxg5 17. Nxg5 Qf6 $15) 13... cxd3 14. cxd3
(14. Nxe5 Kg8 15. cxd3 Qxg5 $15 {[%csl Re1]}) 14... f6 15. Nbd2 ({After} 15.
gxf6+ Qxf6 16. Qxe5 Nf4 17. Qxf6+ Rxf6 18. d4 Nxh3 19. Nbd2 Be6 $17 {[%csl Rf2]
[%cal Ga8f8,Gg5g4,Gg6g4] Black also keeps much better chances.}) 15... Nf4 16.
gxf6+ Qxf6 17. Nxe5 Bxh3 18. d4 (18. Rh2 Rad8 19. Ndc4 Be6 $17) 18... Rad8 19.
Ndf3 c5 $6 (19... Bg2 $1 20. Rh2 (20. Ng4 Nd3+ 21. Qxd3 Qxf3 22. Qxf3 Bxf3 23.
Rg1 Rxd4 $19) 20... Bxf3 21. Nxf3 Ne6 22. Nd2 Nxd4 $19) 20. d5 $6 (20. Qxc5 Qa6
(20... Nd3+ $6 21. Nxd3 Qxf3 22. Kd2 $132) 21. Qe7+ Kg8 22. O-O-O Qxa2 23. Qa3
Ne2+ 24. Kd2 Qxa3 25. bxa3 Nxd4 $17) 20... Bg2 21. Rh2 Bxf3 22. Nxf3 Nxd5 $1
$19 23. exd5 (23. Qxf6+ Nxf6 24. Ng5 Rfe8 25. f3 h6 26. Nh3 Rd3 27. Ng1 g5 $19)
23... Qxc3+ 24. bxc3 Rxf3 25. c4 Rf4 {[%csl Rc4]} 26. Rc1 Re8+ 27. Kf1 Ree4 28.
Rh3 Rxc4 29. Rxc4 Rxc4 30. Re3 Rf4 31. Ra3 a6 32. Rb3 b5 33. Re3 Rd4 34. Re7+
Kh6 35. Ra7 Rxd5 36. Rxa6 Rd2 37. Ra5 b4 38. Rxc5 Rxa2 39. Rb5 Rb2 40. Kg2 b3
41. Kg3 Rb1 42. Kf4 b2 43. Rb7 g5+ 44. Kf5 g4 45. Rb6+ Kh5 46. Rb7 h6 47. Rb3
g3 48. Rxg3 Rh1 0-1

[Event "Moscow Aeroflot op-A"]
[Site "Moscow"]
[Date "2006.02.08"]
[Round "1"]
[White "Malakhov, Vladimir"]
[Black "David, Alberto"]
[Result "1-0"]
[WhiteElo "2694"]
[BlackElo "2591"]
[Annotator "Finkel,A"]
[PlyCount "55"]
[EventDate "2006.02.08"]
[EventType "swiss"]
[EventRounds "9"]
[EventCountry "RUS"]
[SourceTitle "CBM 112"]
[Source "ChessBase"]
[SourceDate "2006.06.07"]
[SourceVersion "1"]
[SourceVersionDate "2006.06.07"]
[SourceQuality "1"]

1. e4 c5 2. Nf3 Nc6 3. Bb5 g6 4. Bxc6 dxc6 5. d3 Bg7 6. h3 Nf6 7. Nc3 Nd7 {
In my opinion this line is insufficient for equality as Black is wasting too
much time in the opening to bring the knight to e6.} 8. Be3 e5 9. Qd2 h6 10.
O-O Qe7 11. a3 Nf8 (11... b6 12. Ne2 Bb7 13. b4 Rd8 14. Ng3 Ba6 15. Rfd1 Bc8
16. Rab1 Kf8 17. bxc5 Nxc5 18. d4 Kg8 19. Qc3 exd4 20. Bxd4 Bxd4 21. Nxd4 $14 {
Spasov,V-Grigore,G/Budapest 2000}) (11... a5 12. Nh2 a4 13. f4 exf4 14. Bxf4
Ne5 15. Nf3 Nxf3+ 16. Rxf3 g5 17. Be3 O-O 18. Raf1 $14 {Lerner,K-Tseitlin,M/
ch-ISR, Tel Aviv ISR 2002}) 12. b4 Ne6 13. bxc5 {The most ambitious move. I
think 13.Na4 looks very promising for White either.} (13. Na4 $5 b6 14. Rae1 (
14. Nh2 $6 f5 15. f3 f4 16. Bf2 h5 17. bxc5 b5 18. Nb2 g5 $15 {Ponomariov,
R-Kramnik,V/Linares 2003}) 14... Ba6 15. bxc5 b5 16. Nb2 Rd8 17. a4 Nd4 18.
Bxd4 exd4 19. axb5 Bxb5 20. Qb4 a5 21. Qxa5 Qxc5 22. Nc4 $16 {Delgado,
N-Schandorff,L/Mallorca 2004}) 13... f5 {Black doesn't have much choice, but
to look for his counterchances on the kingside as White is better prepared for
the play in the center.} (13... Nxc5 14. Ne2 (14. Rfe1 Ne6 15. Ne2 h5 16. a4
O-O 17. Bh6 $1 $14 {Spasov,V-Smirnov,P/Istanbul 2003}) 14... Ne6 15. Rab1 f5 $2
16. exf5 gxf5 17. Qb4 Qf6 18. Rfe1 Kf7 19. Ng3 $16 {Adams,M-Philippe,C/France
2004}) 14. exf5 gxf5 {[%cal Gf5f4]} 15. Qe1 O-O 16. Rb1 (16. d4 $5 e4 17. Ne5
f4 18. Ng6 Qf7 19. Nxf8 Kxf8 20. f3 Kg8 21. fxe4 Qg6 22. Rd1 fxe3 23. Qxe3 $16
{Wang Hao-Carlsen,M/Chalkidiki 2003}) 16... Rf7 {This move doesn't change a
thing comparing to 16...Qf6, which has been tried before.} (16... Qf6 17. Na4
Kh7 18. Bd2 Rg8 19. Kh2 Bh8 20. Rg1 Ng5 21. Qe2 Nxf3+ 22. Qxf3 Qf7 23. g4 f4
24. Nc3 $16 {Miroshnichenko,E-Rogovski,V/Alushta 2003}) 17. Na4 f4 18. Bc1 $6 {
Allowing Black to take on c5. More accurate was} (18. Bd2 $5 {in order to play
19.Bb4 on 18...Nxc5.}) 18... Ng5 $2 {After the move in the game Black's
position deteriorates very fast.} (18... Nxc5 $1 19. Nxc5 (19. Qb4 Nxa4 20.
Qxa4 Be6 21. Re1 Bd5 $132) 19... Qxc5 20. Bb2 Bf5 {[%cal Ga8e8,Ge5e4]} 21. Qb4
Qxb4 22. axb4 e4 $1 $15) 19. Nxg5 Qxg5 (19... hxg5 20. f3 $1 $16) 20. Kh2 Qh5
21. Rg1 $1 $16 {Simple and strong. Black's only chance to launch an attack was
to push f3, but once White has taken care of this idea Black has got nothing
else to offer.} (21. f3 Bf6 22. Nc3 Bh4 23. Qe2 Bg3+ 24. Kg1 Rg7 $132) 21...
Bf6 (21... f3 22. g4 Qh4 23. Rg3 {[%csl Re5][%cal Ga4c3,Gc3e4,Gc1b2]} h5 24.
gxh5 Qxh5 (24... Qxa4 25. h6 Qh4 26. Rb4 $18) 25. Nc3 $16) 22. Nc3 Rg7 23. Ne4
Bh4 24. Bb2 Be6 (24... Bd7 25. Ba1 $1 {[%csl Rb7,Re5][%cal Ge1c3]}) 25. Qc3 $18
Ba2 26. Ra1 Bd5 27. Qxe5 Qxe5 28. Bxe5 1-0

[Event "Moscow Aeroflot op"]
[Site "Moscow"]
[Date "2002.02.09"]
[Round "7"]
[White "Sandipan, Chanda"]
[Black "Guseinov, Gadir"]
[Result "1-0"]
[WhiteElo "2452"]
[BlackElo "2527"]
[Annotator "Finkel,A"]
[PlyCount "76"]
[EventDate "2002.02.04"]
[EventType "swiss"]
[EventRounds "9"]
[EventCountry "RUS"]
[SourceTitle "CBM 088"]
[Source "ChessBase"]
[SourceDate "2002.03.21"]
[SourceVersion "1"]
[SourceVersionDate "2002.03.21"]
[SourceQuality "1"]

1. e4 c5 2. Nf3 Nc6 3. Bb5 g6 4. Bxc6 dxc6 5. d3 Bg7 6. h3 b6 7. O-O $5 (7. a4
a5 8. Na3 (8. Nbd2 Ba6 9. Qe2 Nf6 10. Nc4 O-O 11. O-O Qc7 12. e5 Nd5 13. Bd2
Rad8 14. Rae1 $13 {Velicka,P-Wells,P/Berlin 1999/EXT 2000}) 8... e5 9. Be3 f6
10. c3 Ne7 11. Qb3 Qxd3 12. Rd1 Qxe4 13. Nc4 $44 {Motwani,P-Ikonnikov,V/
Vlissingen 1996/CBM 53}) (7. Nc3 Nh6 (7... e5 8. O-O Ne7 9. a3 a5 10. b3 O-O
11. Bb2 Qd6 12. a4 f6 13. Nd2 Be6 $13 {Glek,I-Kishnev,S/Recklinghausen 1999/
EXT 2000}) (7... Ba6 8. Be3 e6 9. Qd2 Qd7 10. a4 f5 11. Bf4 Ne7 12. h4 h6 13.
Be5 Bxe5 14. Nxe5 $16 {Pavasovic,D-Kovacic,M/SLO 1993/TD}) 8. Bf4 (8. Be3 f6 9.
Qd2 (9. O-O e5 10. a3 O-O (10... a5 11. Na4 Rb8 12. b4 cxb4 13. axb4 b5 14. Nc5
a4 15. d4 Nf7 16. Qe2 $13 {Rublevsky,S-Iskusnyh,S/St Petersburg 1999/CBM 71})
11. b4 cxb4 12. axb4 Nf7 13. Nd2 f5 14. f3 Be6 15. Qe2 $14 {Kabanov,
N-Arutunian,D/Yerevan 2000/CBM 78 ext}) (9. d4 cxd4 10. Nxd4 Bd7 11. Qe2 e5 12.
Nf3 Nf7 13. O-O Qe7 14. a4 O-O $132 {Svidler,P-Kramnik,V/Wijk aan Zee 1999/CBM
68}) 9... Nf7 10. Nh2 e5 11. f4 exf4 12. Bxf4 f5 13. exf5 Bxf5 14. O-O O-O 15.
Nf3 Qd7 $11 {Spraggett,K-Sturua,Z/Istanbul 2000/EXT 2001}) 8... f6 9. e5 O-O
10. Qe2 Nf5 11. Qe4 Nd4 12. Nxd4 cxd4 13. Qxc6 dxc3 14. Qxa8 cxb2 15. Rb1 Qd4
16. Qe4 Qc3+ 17. Bd2 Qxc2 18. Qc4+ Qxc4 19. dxc4 $14 {Kovalevskaya,E-Ioseliani,
N/Istanbul 2000/EXT 2001}) 7... e5 8. a3 a5 9. Be3 Ne7 (9... f6 10. Nbd2 Nh6
11. Rb1 O-O 12. b4 cxb4 13. axb4 a4 $13) 10. Nbd2 f5 $2 {[%csl Re5] Serious
mistake, which costs black a pawn!} 11. exf5 $1 {Of course! It turns out that
black can't defend the pawn on e5.} Nxf5 (11... gxf5 12. Bg5 $1 h6 13. Bxe7 $1
Qxe7 14. Nc4 Qc7 15. Ncxe5 $16) 12. Bg5 Qc7 13. Re1 O-O 14. Nc4 $16 Be6 {
Black gets some compensation for th pawn, but with accurate play white manages
to keep the pawn and to surpress black's initiative.} (14... Re8 15. Bf4 $1 $16
{[%csl Re5][%cal Ge1e8]}) 15. Ncxe5 Bd5 16. c3 $5 {[%csl Gd4]} Rae8 17. Ng4 h6
(17... Bxf3 18. Qxf3 $1 Nd4 $140 19. Qd1 Rxe1+ 20. Qxe1 Nc2 21. Qe6+ $18) 18.
Rxe8 Rxe8 19. Bd2 Rd8 {[%csl Rd3]} 20. Qe2 Qd6 (20... Qd7 $5) 21. Ne1 b5 22.
Ne3 $1 Be6 23. Nxf5 Bxf5 24. Be3 Bxd3 $6 {Exchanging 2 more pieces! Better was
to keep the tension with} (24... a4 25. Rd1 Kh7 26. Rd2 Re8 $14) 25. Nxd3 Qxd3
26. Qxd3 Rxd3 27. Bxc5 Rd2 28. Rb1 Rc2 $6 (28... Kf7 29. Kf1 h5 30. Ke1 Rd5 31.
Be3 $16) 29. Kf1 Bf6 30. Ke1 (30. Be3 h5 31. Ke1 b4 32. cxb4 axb4 33. axb4 Rxb2
34. Rxb2 Bxb2 35. Kd2 Kf7 36. Kd3 Ke6 $14) 30... Bg5 31. h4 $1 {Very strong
move leading by force to winning bishops endgame!} Rc1+ 32. Rxc1 Bxc1 33. Kd1
Bxb2 34. Kc2 {[%csl Rb2]} Ba1 35. Be3 (35. Bd4 $2 b4 $1 {[%cal Ga1d4]} 36. Kb1
Bxc3 37. Bxc3 bxc3 38. Kc2 Kf7 39. Kxc3 Ke6 $13) 35... b4 36. cxb4 axb4 37. a4
$1 {[%cal Ga4a8]} Be5 38. a5 Bb8 1-0

[Event "Mondariz zt 1.1"]
[Site "Mondariz"]
[Date "2000.09.11"]
[Round "8"]
[White "Speelman, Jonathan S"]
[Black "Reinderman, Dimitri"]
[Result "1/2-1/2"]
[WhiteElo "2623"]
[BlackElo "2551"]
[Annotator "Finkel,A"]
[PlyCount "48"]
[EventDate "2000.09.03"]
[EventType "swiss"]
[EventRounds "11"]
[EventCountry "ESP"]
[SourceTitle "CBM 079"]
[Source "ChessBase"]
[SourceDate "2000.11.21"]
[SourceVersion "1"]
[SourceVersionDate "2000.11.21"]
[SourceQuality "1"]

1. e4 c5 2. Nf3 Nc6 3. Bb5 g6 4. Bxc6 bxc6 5. O-O Bg7 6. Re1 Nh6 7. e5 (7. c3
O-O 8. d4 cxd4 9. cxd4 d6 10. Nc3 f6 11. b3 Nf7 12. Bb2 Qa5 13. Nd2 Ba6 $132 {
Sutovskij,E-Shishkin,V/MK Cafe Cup-A 1999}) 7... O-O 8. Nc3 d6 (8... f6 9. exf6
Rxf6 10. Ne4 (10. Qe2 d5 11. Qxe7 $6 Qxe7 12. Rxe7 Bg4 13. Ng5 Nf5 14. Rb7 Nd4
$17 {Sofieva,A-Marin,M/Sitges op 1994}) 10... Rf5 11. Qe2 e6 12. Nd6 Rd5 13.
Nxc8 Rxc8 14. d3 Nf7 15. c4 Rf5 16. g4 Rf6 17. Ng5 $16 {Prie,E-Santo Roman,M/
FRA-ch 1996}) 9. d3 (9. exd6 exd6 10. d4 cxd4 11. Nxd4 Ng4 12. h3 Ne5 13. Bf4
Qc7 $13) 9... Rb8 10. Rb1 f6 $6 {[%csl Re6] Dubious continuation weakening
square e6 and closing the bishop on g7.} (10... Bg4 11. h3 Bxf3 12. Qxf3 Nf5
13. Bf4 Nd4 14. Qd1 Ne6 15. exd6 exd6 16. Bg3 Rxb2 17. Rxb2 Bxc3 $13) 11. exd6
exd6 12. d4 cxd4 13. Nxd4 Qb6 14. Be3 Qa6 15. Qf3 ({Doesn't work neither} 15.
Ne6 Bxe6 16. Bxh6 Bxh6 17. Rxe6 Bf4 18. Ne4 Be5 $132) ({no} 15. Bf4 $5 Nf7 16.
Ne4 c5 (16... Qxa2 $2 17. b3 (17. Nxc6 Rxb2 18. Rxb2 Qxb2 19. Ne7+ Kh8 $11)
17... Rb6 18. Bxd6 $1 Nxd6 19. Nxd6 $16) 17. Nb3 Rd8 $13 {in both cases with
good chanses for black.}) 15... d5 16. Qg3 Bd7 (16... Rb7 $5) 17. Bxh6 Bxh6 18.
Re7 Qc8 19. Qd6 Rb7 20. Nb3 (20. Na4 $6 Re8 $1 (20... Rf7 21. Rxf7 Kxf7 22. Nc5
Rc7 23. Nxd7 Qxd7 24. Qxd7+ Rxd7 25. Nxc6 $16) (20... Be8 21. Rxb7 Qxb7 22. Nc5
Qb6 23. b4 $5 $16) 21. Rxe8+ (21. Qxf6 $2 Rxe7 22. Qxe7 Bf8 23. Qh4 c5 24. Nf3
Rb4 $19 {[%cal Gb4a4,Gb4h4]}) 21... Qxe8 22. Nf3 Qf8 $15) 20... Rf7 21. Rxf7
Kxf7 22. Nc5 Rc7 23. Na6 $5 Rb7 24. Nc5 Rc7 1/2-1/2

[Event "Bundesliga 0405"]
[Site "Germany"]
[Date "2004.11.26"]
[Round "7.5"]
[White "Kindermann, Stefan"]
[Black "Vuckovic, Aleksandar"]
[Result "1-0"]
[WhiteElo "2536"]
[BlackElo "2325"]
[Annotator "Finkel,A"]
[PlyCount "77"]
[EventDate "2004.11.12"]
[EventType "team-tourn"]
[EventRounds "15"]
[EventCountry "GER"]
[SourceTitle "CBM 105"]
[Source "ChessBase"]
[SourceDate "2005.04.11"]
[SourceVersion "1"]
[SourceVersionDate "2005.04.11"]
[SourceQuality "1"]
[WhiteTeam "Tegernsee"]
[BlackTeam "Stuttgart"]
[WhiteTeamCountry "GER"]
[BlackTeamCountry "GER"]

1. e4 c5 2. Nf3 Nc6 3. Bb5 g6 4. Bxc6 dxc6 5. d3 $5 {This continuation is
considered to be harmless for black and not without a reason. By letting black
to exhcange his lightsquared bishop white virtualy gives up the fight for
opening advantage. On the other hand black can't afford himself to play
carelessly since white's position is a full of potential.} (5. h3) 5... Bg4 6.
Nbd2 (6. Nc3 Bg7 7. O-O e5 8. Be3 b6 9. h3 Bxf3 10. Qxf3 Qd6 11. a4 Nf6 12. Nb1
$5 $14 {Fierro Baquero,M-Ptacnikova,L/WchJW-U18 1994}) (6. h3 Bxf3 7. Qxf3 Bg7
8. Nd2 Nf6 9. Nc4 Nd7 10. Qg3 Nb6 11. Ne3 c4 $6 12. Nxc4 Nxc4 13. dxc4 Qd4 14.
Qd3 O-O-O 15. Qe2 $14 {Rublevsky,S-Kozul,Z/EUCup f 1996}) 6... Bh6 $5 {
Intending to trade the darksquared bishop along with an exchange of the
lightsquared one for the knight on f3.} (6... Bg7 7. h3 Bxf3 8. Nxf3 e5 (8...
Nf6 9. Be3 Nd7 10. Qd2 b6 11. d4 cxd4 12. Bxd4 e5 $11 {Ivanchuk,V-Gelfand,B/
Polanica Zdroj 1998}) 9. Be3 Qe7 10. Qd2 Nf6 11. Qc3 Nd7 12. a4 f5 13. Qb3 Rb8
14. a5 f4 15. Bd2 Bf6 16. h4 Qf7 17. Qxf7+ Kxf7 18. g3 fxg3 19. fxg3 $14 {
Tseshkovsky,V-Ivanovic,B/Niksic 1997}) (6... e5 7. h3 Bxf3 8. Nxf3 f6 9. O-O
Nh6 10. c3 Nf7 11. d4 cxd4 12. cxd4 exd4 13. Nxd4 Bc5 $11 {Lauterbach,
I-Polovnikova,E/Batumi 1999}) 7. h3 Bxf3 8. Nxf3 Bxc1 9. Qxc1 Qa5+ $6 {For
some reason black deviates from 9...Nf6, which braught black a quick draw. The
most natural assumption is he was suspecting of 10.Qh6, causing black some
headache where to put his king.} (9... Nf6 10. O-O (10. Qh6 $5) 10... Qc7 11.
Qe3 {1/2-1/2 Kuczynski,R-Grabarczyk,B/Polanica Zdroj 1999/CBM 070 ext (11)})
10. c3 Rd8 11. O-O $1 {This pawn sacrificed is called for since black faces
serious difficulties with the development of his kingside pieces.} Rxd3 12. e5
$1 $44 {[%csl Re8,Rg8,Rh8] Strangely enough I don't manage to find a way for
eqality for black after this one, even though he didn't seem to do anything
wrong thus far! May be 6...Bh6!? is a bit rsiky idea after all!} Qd8 $6 ({
More chances for successfull defense would leave non-trivial} 12... Qa4 $5 {
[%csl Gf4] trying to take square f4 under control.} 13. c4 e6 14. Qf4 (14. Ng5
Rd4 $1 {[%csl Ge4]} 15. b3 Qa5 16. Qe3 Ne7 17. Ne4 O-O 18. Qf3 $44) 14... h6
15. Qh4 Ne7 16. b3 Qa5 17. Qf6 Rg8 $13) (12... e6 13. Ng5 {[%csl Rd6,Re7,Rf6,
Rg7,Rh6][%cal Gg5e4,Ge4f6,Ge4d6]} Qc7 14. Qf4 Rd5 15. Rfe1 h6 16. Ne4 g5 17.
Qg3 Qxe5 18. Qxe5 Rxe5 19. Nd6+ Ke7 20. Rxe5 Kxd6 21. Re2 $14) 13. Qf4 $1 {
It turns out that despite of his control over the d-file black is in serious
troubles.} Qd7 14. e6 Qxe6 15. Rfe1 Qf5 (15... Qd6 $2 16. Ne5 $18) 16. Qb8+ Rd8
17. Qxb7 Qd7 18. Qb3 $1 $16 {White keeps much better chances due to this
strong move preparing Ne5 and Rad1.} Nh6 (18... Nf6 $2 19. Ne5 Qd5 20. Qa4 {
[%csl Rc6]} O-O 21. Nxc6 $18) 19. Rad1 Qc7 20. Rxd8+ Qxd8 21. Qb7 O-O {Black
finally succeeds to put the king at the safe place, but at the cost of 2 pawns.
} 22. Qxa7 Qd5 (22... e6 23. Qxc5 Qd5 24. Qxd5 cxd5 25. a4 $18) 23. Qxe7 Qxa2
24. Ng5 $1 ({More pragmatic players would've prefered} 24. Qxc5 Qxb2 25. Qxc6
$16 {,but a german GM plays this game in a very energatic manner.}) 24... Nf5 (
24... Rb8 25. Ne4 Qxb2 26. Nf6+ Kh8 27. Qe5 $18) 25. Qxc5 Qxb2 26. Nxh7 $1 $18
{[%csl Rf8] The ""poenta" of white's 24th move.} Ra8 27. Nf6+ Kg7 28. Qxc6 Ra1
29. Rxa1 Qxa1+ 30. Kh2 Qc1 31. Ng4 Qf4+ 32. g3 Qd2 33. Qf6+ Kf8 34. Qh8+ Ke7
35. Qe5+ Kf8 36. Kg2 Qd3 37. Qh8+ Ke7 38. Qf6+ Ke8 39. Qxf7+ 1-0